000 00313nam a22001337a 4500
008 170529b xxu||||| |||| 00| 0 eng d
020 _a3341002901
041 _ager
080 _a621.3
100 _a27
101 _aIM
245 _aFUNKTIONSEINHEITEN DER AUTOMATISIERUNGSTECHNIK
_cKRIESEL,W
942 _2udc
_cBK
999 _c14721
_d14721